000 00408nam a2200181Ia 4500
001 15735
005 20260306170218.0
008 260306t2008||||xx |||||||||||||| ||und||
041 _aESP
082 _a604.2
_bC76A
100 _aCompany, Pedro
_eAUT
245 0 _aDibujo técnico
260 _c2008
300 _a252 páginas :
_c24 cm.
650 _aGEN
654 _aCAU
942 _cLIB
_dJUS
_fJUS
_2ddc
_n
999 _c15735
_d15735